000 03034nas a22006737a 4500
001 11186551
005 20131118165134.0
008 750418c19759999enkqr p 0 a0eng
022 _a0340-0352
_2z
035 _a(OCoLC)ocm01286525
041 _aeng
_bfre
_bger
042 _ansdp
_alc
050 _aZ672
_b.I128
070 _aZ673.A1I53
082 _a020.5
_219
210 _aIFLA j.
222 _aIFLA journal
245 _aIFLA journal /
_cInternational Federation of Library Associations.
246 _aInternational Federation of Library Associations journal
246 _aI.F.L.A. journal
260 _aMünchen :
_bVerlag Dokumentation,
_c1975-
260 _aNew Delhi
_bSage Publications
300 _av. ;
_c24-30 cm.
310 _aQuarterly,
_b2003-
321 _aQuarterly,
_b1978-1996
321 _aFive times a year,
_b1997-2002
362 _aVol. 1, no. 1-
500 _aTitle from cover.
500 _aPublished by: K.G. Saur, 1978- ; London ; Thousand Oaks : Sage Publications, <2005->
500 _aLatest issue consulted: Vol. 31, no. 3 (2005).
546 _aEnglish with summaries in French and German.
550 _aOfficial journal of: the International Federation of Library Associations, 1975-1976; the International Federation of Library Associations and Institutions, 1977-
590 _aSERBIB/SERLOC merged record
610 _aInternational Federation of Library Associations and Institutions
_vPeriodicals.
610 _aFédération internationale des associations de bibliothécaires
_vPériodiques.
610 _aFédération internationale des associations de bibliothécaires et des bibliothèques
_vPériodiques.
610 _aFEDERACION INTERNACIONAL DE ASOCIACIONES DE BIBLIOTECARIOS
_xPUBLICACIONES PERIODICAS.
_2renib
650 _aInternational librarianship
_vPeriodicals.
650 _aLibrary cooperation
_vPeriodicals.
650 _aLibrary science
_vPeriodicals.
650 _aCoopération entre bibliothèques
_vPériodiques.
650 _aBibliothéconomie
_vPériodiques.
650 _aBIBLIOTECOLOGIA
_xPUBLICACIONES PERIODICAS.
_2renib
650 _aCOOPERACION ENTRE BIBLIOTECAS
_xPUBLICACIONES PERIODICAS.
_2renib
650 _aACTIVIDADES BIBLIOTECARIAS INTERNACIONALES
_xPUBLICACIONES PERIODICAS.
_2renib
650 _aBibliotheekverenigingen.
_2gtt
710 _aInternational Federation of Library Associations.
710 _aInternational Federation of Library Associations and Institutions.
776 _tIFLA journal (Online)
_w(OCoLC)49718011
780 _tIFLA news
_w(DLC) 75650097
_w(OCoLC)2174804
856 _uhttp://ifl.sagepub.com/
906 _a7
_bcbc
_cserials
_d4
_encip
_f19
_gn-oclcserc
942 _2ddc
_cSR
_h20.5
_mIFL
_s1
999 _c21517
_d21517